[Event "Krapina op 12th"]
[Site "Krapina"]
[Date "2024.01.19"]
[Round "2"]
[White "Tomljanovic, Ivano"]
[Black "Bulat, Milan"]
[Result "1-0"]
[WhiteElo "1966"]
[BlackElo "1531"]
[PlyCount "59"]
[EventDate "2024.01.19"]
[EventType "swiss"]
[EventRounds "7"]
[EventCountry "CRO"]
[SourceTitle "CB06_2024"]
[SourceDate "2024.02.07"]
[SourceVersion "1"]
[SourceVersionDate "2024.02.07"]
[SourceQuality "1"]

1. d4 Nf6 2. c4 g6 3. Nc3 Bg7 4. e4 d6 5. Nf3 0-0 6. Be2 c5 7. d5 e6 8. 0-0 exd5 9. cxd5 Na6 10. h3 Nc7 11. Qc2 a6 12. a4 Bd7 13. Bf4 Be8 14. Rfe1 Rb8 15. Rad1 b5 16. e5 Nh5 17. Bh2 dxe5 18. Nxe5 c4 19. Bxh5 gxh5 20. Nc6 Bxc6 21. dxc6 Qc8 22. Rd7 Ne6 23. Nd5 Kh8 24. Rxe6 fxe6 25. Rxg7 Kxg7 26. Be5+ Kh6 27. Ne7 Rf5 28. Qd2+ Rg5 29. Nxc8 Rxc8 30. Bf6 1-0